Catalog

Record Details

Catalog Search



The Christmas bunny Cover Image DVD DVD

The Christmas bunny [videorecording] / written, produced, and directed by Tom Seidman.

Summary:

A heartwarming adventure bursting with the joy of the season. When Julia, a lonely foster child, discovers an injured rabbit on Christmas Eve, she forms an unlikely friendship with an eccentric farmwoman who vows to nurse the bunny back to health. In the process, Julia's own heart is healed and she forges a bond with her adoptive family that makes her holidays one she-and you-will never forget.

Record details

  • Physical Description: 1 videodisc (100 min.) : sound, color ; 4 3/4 in.
  • Publisher: [United States] : Screen Media Films, ©2011.

Content descriptions

General Note:
Special features: Behind the scenes featurette: The real bunny lady; deleted/extended scenes; "bloopers."
1.78 anamorphic widescreen..
Title from web page.
Originally released in 2010.
Participant or Performer Note:
Colby French, Florence Henderson, Sophie Bolen, Madeline Vail.
Target Audience Note:
MPAA rating: PG.
System Details Note:
DVD; 1.78 anamorphic widescreen; 5.1 surround sound.
Language Note:
Closed-captioned.
Subject: Foster children > Drama.
Adoptive parents > Drama.
Eccentrics and eccentricities > Drama.
Rabbits > Drama.
Christmas plays.
Christmas films.
Genre: Feature films.
Video recordings for the hearing impaired.

Available copies

  • 1 of 1 copy available at scottsboropl.

Holds

  • 0 current holds with 1 total copy.
Show Only Available Copies
Location Call Number / Copy Notes Barcode Shelving Location Status Due Date
scottsboropl J DVD Chr 32269000933724 Juvenile - DVD Available -

LDR 02055cgm a2200493Ka 4500
001138842
003SBPL
00520151117080441.0
007vd cvaizq
008110803s2011 xxu100 vleng d
0241 . ‡a814838012001
02410. ‡a814838012933
0247 . ‡a00814838012001 ‡2gtin-14
02842. ‡aSM801200 ‡bScreen Media Films
035 . ‡a(CONS)138842
035 . ‡a(OCoLC)744675429 ‡z(OCoLC)974420277 ‡z(OCoLC)1005819410
050 4. ‡aPN1997.2 ‡b.C475 2011
08204. ‡a791.43/72 ‡223
1001 . ‡aHenderson, Florence. : ‡eauthor
24504. ‡aThe Christmas bunny ‡h[videorecording] / ‡cwritten, produced, and directed by Tom Seidman.
260 . ‡a[United States] : ‡bScreen Media Films, ‡c©2011.
300 . ‡a1 videodisc (100 min.) : ‡bsound, color ; ‡c4 3/4 in.
336 . ‡atwo-dimensional moving image ‡btdi ‡2rdacontent
337 . ‡avideo ‡bv ‡2rdamedia
338 . ‡avideodisc ‡bvd ‡2rdacarrier
344 . ‡adigital ‡boptical ‡gsurround ‡gstereo ‡hDolby digital 5.1 ‡2rda
347 . ‡avideo file ‡bDVD video ‡2rda
500 . ‡aSpecial features: Behind the scenes featurette: The real bunny lady; deleted/extended scenes; "bloopers."
500 . ‡a1.78 anamorphic widescreen..
500 . ‡aTitle from web page.
500 . ‡aOriginally released in 2010.
5111 . ‡aColby French, Florence Henderson, Sophie Bolen, Madeline Vail.
520 . ‡aA heartwarming adventure bursting with the joy of the season. When Julia, a lonely foster child, discovers an injured rabbit on Christmas Eve, she forms an unlikely friendship with an eccentric farmwoman who vows to nurse the bunny back to health. In the process, Julia's own heart is healed and she forges a bond with her adoptive family that makes her holidays one she-and you-will never forget.
5218 . ‡aMPAA rating: PG.
538 . ‡aDVD; 1.78 anamorphic widescreen; 5.1 surround sound.
546 . ‡aClosed-captioned.
650 0. ‡aFoster children ‡vDrama.
650 0. ‡aAdoptive parents ‡vDrama.
650 0. ‡aEccentrics and eccentricities ‡vDrama.
650 0. ‡aRabbits ‡vDrama.
650 0. ‡aChristmas plays.
650 0. ‡aChristmas films.
655 7. ‡aFeature films. ‡2lcgft
655 7. ‡aVideo recordings for the hearing impaired. ‡2lcgft
7001 . ‡aSeidman, Tom.
7001 . ‡aFrench, Colby.
7001 . ‡aHenderson, Florence.
7001 . ‡aBolen, Sophie.
7001 . ‡aVail, Madeline.
7102 . ‡aScreen Media Films (Firm)
901 . ‡a138842 ‡bUnknown ‡c138842 ‡tbiblio

Additional Resources